| 000 | 01214pam a2200301 a 4500 | ||
|---|---|---|---|
| 999 |
_c4839 _d4839 |
||
| 001 | 2943795 | ||
| 003 | GBCCL | ||
| 005 | 20241126110528.0 | ||
| 008 | 900410s1990 miu 001 0 eng | ||
| 010 | _a 90035987 | ||
| 020 | _a0825436842 (trade paper) | ||
| 020 | _a0825436850 (deluxe hardcover) | ||
| 040 |
_aDLC _cDLC _dDLC |
||
| 050 | 0 | 0 |
_aBS1430 _b.S6 1990 |
| 082 | 0 | 0 |
_a223.207 _220 _bSPU |
| 100 | 1 |
_aSpurgeon, C. H. _q(Charles Haddon), _d1834-1892. _9222 |
|
| 245 | 1 | 4 |
_aThe treasury of David : _bSpurgeon's classic work on the Psalms, abridged in one volume / _cCharles H. Spurgeon ; abridged by David O. Fuller ; introduction by Robert G. Lee ; foreword by Herbert Lockyer. |
| 250 | _aIndian ed. | ||
| 260 |
_aGrand Rapids, MI : _aSecunderabad : _bKregel Publications, _bAuthentic _c2014, [1990] |
||
| 300 |
_a703 p. ; _c23 cm. |
||
| 500 | _aIncludes index. | ||
| 630 | 0 | 0 |
_aBible. _pPsalms _vCommentaries. _98816 |
| 630 | 0 | 0 |
_aBible. _pPsalms _xHomiletical use. _94451 |
| 700 | 1 |
_aFuller, David Otis, _d1903-1988. _97999 |
|
| 906 |
_a7 _bcbc _corignew _d1 _eocip _f19 _gy-gencatlg |
||
| 942 |
_2ddc _cBK _06 |
||